Dictionary of mathematics

Bibliographic Details
Main Author: Sudhir Kumar
Format: Book
Published: Kuala Lumpur : Crescent News(KL) Sdn Bhd , 1994
Subjects:

MARC

LEADER 00000cam a2200000 7i4500
001 0000003653
005 20201230.0
020 |a 9830610047 
040 |a INS 
090 0 0 |a QA5.   |b S565 1994 
100 1 |a Sudhir Kumar 
245 1 0 |a Dictionary of mathematics   |c Sudhir Kumar 
260 |a Kuala Lumpur :   |b Crescent News(KL) Sdn Bhd ,   |c 1994 
300 |a 329p 
650 0 0 |a Mathematics   |x Dictionaries 
999 |a 0000006141   |b BOOK   |c Open Shelf   |e Default branch